| 000 | 00451nam a22001817a 4500 | ||
|---|---|---|---|
| 003 | OSt | ||
| 005 | 20181213101609.0 | ||
| 008 | 181213b xxu||||| |||| 00| 0 spa d | ||
| 040 | _cBiblioteca Ernesto Sábato | ||
| 092 |
_aA863.44 _bM297 _eJRR |
||
| 245 | _aMAQUINA de cuentos | ||
| 260 |
_aEl Bolsón _bEscuela Nº 270 _c2006 |
||
| 300 | _a80 p | ||
| 650 | _aCUENTOS INFANTILES | ||
| 650 | _aEL BOLSON (RN) | ||
| 650 | _a/JRR/ | ||
| 942 |
_2ddc _cBJRR |
||
| 999 |
_c33343 _d33343 |
||